Statistics for 2019 News Stories - Name the Country

Click here to take the quiz!

General Stats

  • This quiz has been taken 15,265 times
  • The average score is 14 of 20

Answer Stats

HintAnswer% Correct
This country's most famous cathedral is seriously damaged in a fireFrance
96%
This country rejects a $20 million dollar donation to help stop rainforest firesBrazil
93%
A teenage climate change activist from this country becomes an international celebritySweden
93%
Jeremy Corbyn vows to resign as Labour Party leader following the party's worst
electoral showing since 1935
United Kingdom
91%
The word "North" is added to the official name of the countryNorth Macedonia
87%
Emperor Akihito abdicates in favor of his son NaruhitoJapan
86%
Climbing on Uluru is permanently bannedAustralia
82%
Comedian Volodymyr Zelensky is elected PresidentUkraine
82%
This country wins the FIFA Women's World Cup for the fourth timeUnited States
80%
It has been estimated that over 1 million Uyghur Muslims now live in re-education campsChina
79%
The remains of former dictator Francisco Franco are dug up and moved to
a different location
Spain
77%
The capital city is renamed from Astana to Nur-SultanKazakhstan
75%
More than 25% of people in this country now live in extreme poverty, the highest
percentage of any country in the Western Hemisphere
Venezuela
71%
An anti-immigrant zealot attacks a mosque, killing fiftyNew Zealand
69%
Prime Minister apologizes for multiple past incidents in which he wore black facepaintCanada
68%
This country, led by Viktor Orbán, is the first in the EU to be considered
only "partly free" according to Freedom House's index
Hungary
54%
This country becomes to the first in Asia to legalize same-sex marriageTaiwan
51%
Amid allegations of voter fraud, President Evo Morales is prevented by the military
from taking a constitutionally forbidden 4th term in office
Bolivia
46%
The island of Bougainville votes to secedePapua New Guinea
32%
Protestors burn down many metro stations in protest after fares are raisedChile
25%

Score Distribution

Percentile by Number Answered

Percent of People with Each Score

Your Score History

You have not taken this quiz